Karymorphological analysis in Hevea brasiliensis (Record no. 51815)

MARC details
000 -LEADER
fixed length control field 00397nam a2200145Ia 4500
100 ## - MAIN ENTRY--AUTHOR NAME
Personal name Sankariammal L.
245 #0 - TITLE STATEMENT
Title Karymorphological analysis in Hevea brasiliensis
260 ## - PUBLICATION, DISTRIBUTION, ETC. (IMPRINT)
Name of publisher Journal of Cytology and Genetics
Year of publication 1995
300 ## - PHYSICAL DESCRIPTION
Number of Pages 115-118
650 ## - SUBJECT ADDED ENTRY--TOPICAL TERM
Topical Term Chromosome
650 ## - SUBJECT ADDED ENTRY--TOPICAL TERM
Topical Term Karymorphology
700 ## - ADDED ENTRY--PERSONAL NAME
Personal name Saraswathyamma C.K.
942 ## - ADDED ENTRY ELEMENTS (KOHA)
Koha item type Bibliography STAF
Holdings
Withdrawn status Lost status Damaged status Not for loan Home library Current library Date acquired Serial Enumeration / chronology Koha item type
      Bibliography RRII Library RRII Library 09/04/2014 Volume 30, Issue 2 Bibliography STAF